A visual approach to SPPS for Windows : (Record no. 10968)
[ view plain ]
| 000 -LEADER | |
|---|---|
| fixed length control field | 01184cam a22003015a 4500 |
| 001 - CONTROL NUMBER | |
| control field | 15361531 |
| 005 - DATE AND TIME OF LATEST TRANSACTION | |
| control field | 20080926180035.0 |
| 008 - FIXED-LENGTH DATA ELEMENTS--GENERAL INFORMATION | |
| fixed length control field | 080710s2008 maua b 001 0 eng d |
| 010 ## - LIBRARY OF CONGRESS CONTROL NUMBER | |
| LC control number | 2008299928 |
| 020 ## - INTERNATIONAL STANDARD BOOK NUMBER | |
| International Standard Book Number | 9780205546954 |
| 020 ## - INTERNATIONAL STANDARD BOOK NUMBER | |
| International Standard Book Number | 0205546951 |
| 035 ## - SYSTEM CONTROL NUMBER | |
| System control number | (OCoLC)ocn148797559 |
| 040 ## - CATALOGING SOURCE | |
| Original cataloging agency | BTCTA |
| Transcribing agency | BTCTA |
| Modifying agency | BAKER |
| -- | YDXCP |
| -- | TXA |
| -- | CUY |
| -- | DLC |
| 042 ## - AUTHENTICATION CODE | |
| Authentication code | lccopycat |
| 050 00 - LIBRARY OF CONGRESS CALL NUMBER | |
| Classification number | HA32 |
| Item number | .S74 2008 |
| 082 ## - DEWEY DECIMAL CLASSIFICATION NUMBER | |
| Edition number | 22 |
| Classification number | 005.55 |
| Item number | STE |
| 100 1# - MAIN ENTRY--PERSONAL NAME | |
| Personal name | Stern, Leonard |
| Fuller form of name | (Leonard D.) |
| 245 12 - TITLE STATEMENT | |
| Title | A visual approach to SPPS for Windows : |
| Remainder of title | A guide to SPSS 15.0 / |
| Statement of responsibility, etc | Leonard Stern. |
| 246 14 - VARYING FORM OF TITLE | |
| Title proper/short title | Visual approach to SPSS for Windows |
| 260 ## - PUBLICATION, DISTRIBUTION, ETC. (IMPRINT) | |
| Place of publication, distribution, etc | Pearson : |
| Name of publisher, distributor, etc | Boston, |
| Date of publication, distribution, etc | c2008. |
| 300 ## - PHYSICAL DESCRIPTION | |
| Extent | xiii, 411 p. : |
| Other physical details | ill. ; |
| Dimensions | 28 cm. |
| 504 ## - BIBLIOGRAPHY, ETC. NOTE | |
| Bibliography, etc | Includes bibliographical references and index. |
| 630 00 - SUBJECT ADDED ENTRY--UNIFORM TITLE | |
| Uniform title | SPSS for Windows. |
| 650 #0 - SUBJECT ADDED ENTRY--TOPICAL TERM | |
| Topical term or geographic name as entry element | Social sciences |
| General subdivision | Statistical methods |
| -- | Computer programs. |
| 942 ## - ADDED ENTRY ELEMENTS (KOHA) | |
| Source of classification or shelving scheme | Dewey Decimal Classification |
| Item type | Book - Borrowing |
| Withdrawn status | Item status | Source of classification or shelving scheme | Damaged status | Not for loan | Vendor | Home library | Current library | Shelving location | Date acquired | Source of acquisition | Cost, normal purchase price | Serial Enumeration / chronology | Total Checkouts | Full call number | Barcode | Date last seen | Date last borrowed | Koha item type |
|---|---|---|---|---|---|---|---|---|---|---|---|---|---|---|---|---|---|---|
| Dewey Decimal Classification | Baccah | Central Library | Central Library | Lower Floor | 26/02/2009 | 224.00 | 6993 | 2 | 005.55 STE | 000014985 | 15/07/2025 | 17/12/2012 | Book - Borrowing |